<?xml version="1.0" encoding="UTF-8"?>
<record
    xmlns:xsi="http://www.w3.org/2001/XMLSchema-instance"
    xsi:schemaLocation="http://www.loc.gov/MARC21/slim http://www.loc.gov/standards/marcxml/schema/MARC21slim.xsd"
    xmlns="http://www.loc.gov/MARC21/slim">

  <leader>00695nam a22002057a 4500</leader>
  <controlfield tag="005">20230710094447.0</controlfield>
  <controlfield tag="008">230710b           ||||| |||| 00| 0 eng d</controlfield>
  <datafield tag="040" ind1=" " ind2=" ">
    <subfield code="c">AL</subfield>
  </datafield>
  <datafield tag="041" ind1=" " ind2=" ">
    <subfield code="a">hin</subfield>
  </datafield>
  <datafield tag="082" ind1=" " ind2=" ">
    <subfield code="2">23</subfield>
    <subfield code="a">H894.4</subfield>
    <subfield code="b">SAGH</subfield>
  </datafield>
  <datafield tag="100" ind1=" " ind2=" ">
    <subfield code="a">S L Sagar: &#x90F;&#x938; &#x910;&#x932; &#x938;&#x93E;&#x917;&#x930; </subfield>
    <subfield code="9">126115</subfield>
  </datafield>
  <datafield tag="245" ind1=" " ind2=" ">
    <subfield code="a">Hindutva ka matlab: &#x939;&#x93F;&#x928;&#x94D;&#x926;&#x941;&#x924;&#x94D;&#x935; &#x915;&#x93E; &#x92E;&#x924;&#x932;&#x92C; </subfield>
  </datafield>
  <datafield tag="260" ind1=" " ind2=" ">
    <subfield code="a">Uttar Pradesh</subfield>
    <subfield code="b">Sagar Prakashan</subfield>
    <subfield code="c">2004</subfield>
  </datafield>
  <datafield tag="300" ind1=" " ind2=" ">
    <subfield code="a">iv,195p.</subfield>
    <subfield code="b">PB</subfield>
    <subfield code="c">21x13cm.</subfield>
  </datafield>
  <datafield tag="365" ind1=" " ind2=" ">
    <subfield code="2">Hindi</subfield>
  </datafield>
  <datafield tag="650" ind1=" " ind2=" ">
    <subfield code="a">Hindi Prose: </subfield>
    <subfield code="9">126112</subfield>
  </datafield>
  <datafield tag="650" ind1=" " ind2=" ">
    <subfield code="a">Hindutva aur Dalit: &#x939;&#x93F;&#x928;&#x94D;&#x926;&#x941;&#x924;&#x94D;&#x935; &#x914;&#x930; &#x926;&#x932;&#x93F;&#x924; </subfield>
    <subfield code="9">126116</subfield>
  </datafield>
  <datafield tag="700" ind1=" " ind2=" ">
    <subfield code="a">SAGAR (S L):  &#x938;&#x93E;&#x917;&#x930; (&#x90F;&#x938; &#x910;&#x932;)</subfield>
    <subfield code="9">126113</subfield>
  </datafield>
  <datafield tag="942" ind1=" " ind2=" ">
    <subfield code="2">ddc</subfield>
    <subfield code="c">DB</subfield>
  </datafield>
  <datafield tag="999" ind1=" " ind2=" ">
    <subfield code="c">227780</subfield>
    <subfield code="d">227780</subfield>
  </datafield>
  <datafield tag="952" ind1=" " ind2=" ">
    <subfield code="0">0</subfield>
    <subfield code="1">0</subfield>
    <subfield code="2">ddc</subfield>
    <subfield code="4">0</subfield>
    <subfield code="7">0</subfield>
    <subfield code="8">HIN</subfield>
    <subfield code="a">AL</subfield>
    <subfield code="b">AL</subfield>
    <subfield code="d">2023-06-30</subfield>
    <subfield code="l">1</subfield>
    <subfield code="o">H894.4 SAGH</subfield>
    <subfield code="p">D06082</subfield>
    <subfield code="r">2023-11-02 00:00:00</subfield>
    <subfield code="s">2023-10-31</subfield>
    <subfield code="w">2023-07-10</subfield>
    <subfield code="y">DB</subfield>
    <subfield code="z">Donated by V. T. Rajshekar</subfield>
  </datafield>
</record>
